Les épices dans la cuisine française - Statistiques

Statistiques générales
  • Ce quiz a été pris 1 001 fois
  • Le résultat moyen est 7 sur 17
Statistiques - réponses
Epice % Correct
poivre
90%
curry
79%
cumin
71%
curcuma
70%
paprika
68%
safran
50%
cannelle
49%
noix de muscade
48%
coriandre
41%
gingembre
41%
badiane
35%
clou de girofle
34%
cardamome
19%
vanille
17%
fenouil
14%
carvi
8%
macis
1%
Aucun quiz correspondant
Distribution des résultats
% des personnes avec chaque résultat
Percentile par nombre de réponses
Votre historique - résultats
Vous n’avez pas pris ce quiz